000 01196 a2200241 4500
003 Nust
005 20220802175125.0
010 _a 99159948
020 _a0819426601 (SPIE)
020 _a0852969171 (IEE)
040 _cNust
082 0 0 _a621.366,CAR
100 1 _aCarroll, John E.
_978601
245 1 0 _aDistributed feedback semiconductor lasers /
_cJohn Carroll, James Whiteaway & Dick Plumb.
260 _aLondon, UK :
_bThe Institution of Electrical Engineers :
_bSPIE Optical Engineering Press,
_cc1998.
300 _axxv, 412 p. :
_bill. ;
_c25 cm.
440 0 _aIEE Circuits, devices and systems series ;
_v10
_996346
505 _aThe Semi-Conductor Diode Laser (Page-1), Gain, Loose And Spontaneous Emission (Page-37), Principles Of Modeling Guided Waves (Page-76), Optical Energy Exchange In Guides (Page-97), Basic Principles Of Lasers With Distributed Feedback (Page-128), More Advanced Distributed Feedback Laser Design (Page-165), Numerical Modeling For DFB Lasers (Page-209), Future Devices, Modeling And Systems Analysis (Page-252).
650 0 _aTelecommunication Engineering.
700 1 _aPlumb, Dick.
_996347
700 1 _aWhiteaway, James.
_996348
942 _cREF
_2ddc
999 _c175612
_d175612